000 00926nas a2200277 4500
001 BR8000714
003 BR-BrBNA
005 20231205084123.0
007 ta
008 230509b bl.|||p| |||| 00| 00por d
040 _aBR-BrBNA
_bpor
_cBiblioteca Nacional de Agricultura
041 _a(Pt)
072 _aH20
100 1 _aPerim, S.
100 1 _aTakatsu, A.
100 1 _aFukuda, S.
245 1 _aTriagem de variedades de mandioca visando resistencia a bacteriose [Manihot esculenta; Xanthomonas manihotis]
246 1 _aScreening cassava varieties to bacteriosis resistance [Manihot esculenta; Xanthomonas manihotis]
650 _aDoenca de planta
650 _aMandioca
650 _aBacteriose
650 _aVariedade resistente
773 0 _tFitopatologia Brasileira (Brazil)
_xISSN 0100-4158
_g(Feb 1980), v. 5(1) p. 21-24
_wBR8000714
909 _a202311
_bLúcia
_c55
_dLúcia Elande
942 _2AGRIS
_n0
_cANA
999 _c103254
_d103254